| 000 | 00772nam a22001935i 4500 | ||
|---|---|---|---|
| 001 | 164357 | ||
| 003 | ES-MaACL | ||
| 005 | 20251005063129.0 | ||
| 008 | 050801s1861 fr | |||||||| ||fre d | ||
| 040 |
_aCAM _bspa _cCAM |
||
| 100 | 1 |
_aSainte-Beuve, Charles-Augustin, _d1804-1869 _9162958 |
|
| 245 | 1 | 0 |
_aChateaubriand et son groupe litteraire sous l'Empire _b: cours professé a Liége en 1848-1849 / _cpar C.-A. Sainte-Beuve. |
| 250 | _a2e éd. | ||
| 260 |
_aParis : _bGarnier Frères, libraires-éditeurs, _c1861 ( _fImprimerie de P.-A. Bourdier et C.) |
||
| 300 |
_a2 v. (410 ; 457 p.) ; _c18 cm. |
||
| 600 | 1 | 4 |
_aChateaubriand, François-René, _cvicomte de, _d1768-1848 _938177 |
| 852 |
_aES-MaACL _jG-15892-93 _z-- Enc. hol. |
||
| 999 |
_c164357 _d164357 |
||